000 00754nam a2200241Ia 4500
003 OSt
005 20220927105359.0
006 a|||||r|||| 00| 0
007 ta
008 220926b |||||||| |||| 00| 0 eng d
024 _a190383
037 _cReference Collections
040 _aRTL
_cRTL
_beng
041 _2eng
_aeng
082 _a"X9(JB):76.2r, GD"
110 _a"INDIA, AGRICULTURE (M/o-)"
_9372105
245 0 _aReports of the commission for agricultural costs and prices
_b For the crops sown during 2009-10 season
260 _aNew
_bDelhi Govt. of India
_c2010
300 _a523p
_ccm.
700 _a"INDIA, AGRICULTURE (M/o-)"
_9372106
942 _h"X9(JB):76.2r, GD"
_cCC
999 _c692228
_d692228